1017 1114 1752 1721 1796 1920 1596 1082 1138 1753 1927 1598 1097 1204 1790 1442 1843 1700 1026 1394 1505 1480 1317 1676 1780 1418 1226 1597 1732 1859 1553 1330 1858 1990 1450 1706 1697 1056 1749 1470 1160 1235 1905 1709 1633 1159 1870 1581 1519 1611 1954 1925 1504 1665 1714 1782 1024 1260 1849 1566 1538 1667 1214 1134 1818 1703 1062 1421 1610 1819 1221 1197 1618 1174 1428 1949 1464 1373 1863 1411 1252 1451 1742 1881 1958 1675 1301 1425 1330 1386 1338 1725 1950 1481 1606 1492 1006 1172 1815 BCNSPRNW ULIB Ver.6.0+V

เปลี่ยนเป็นภาษาไทย

Change to English
 แสดงรายละเอียดบรรณานุกรม
  กลับหน้าหลัก

Brief Record : Get Marc (ISO 2709) : E-mail record : QR code < ปิดหน้าต่าง
LEADER : 00000nam 2200000uu 4500
001    13399127127
003     ULIB
008    020711s2020 th a 000 0 eng d
020    ^a9781118862681
060    ^aWB39^bJ59M
100    ^aJevon, Philip and Odogwu, Steve
245    ^aMedical Student Survival Skills: History Taking and Communication Skills
250    ^a1st ed
260    ^aHoboken, NJ :^bWiley Blackwell,^c2020
300    ^a258 pages;^b21 cm
650    ^aMedical History Taking-methods
650    ^aProfessional-Patient Relations
945    ^p1060^l0^i006317
999    ^aประนอม เกษจรัล
รายการนี้ยังไม่มีแท็ก
คุณยังไม่ได้ล็อกอิน คุณสามารถมีกิจกรรมร่วมกับเว็บไซต์ได้ แต่ต้องล็อกอินก่อน ::
  ล็อกอิน

รายการสื่อสารสนเทศ

ลำดับที่ ประเภท เลขเรียก/บาร์โค้ด สถานที่ สถานะ
1. วิทยาศาสตร์การแพทย์ และสุขภาพ
วิทยาศาสตร์การแพทย์ และสุขภาพ
WB39 J59M ฉ.1 
  Barcode: 006317
ห้องสมุดวิทยาเขตสวรรค์ประชารักษ์
►หนังสือทั่วไป
บนชั้น

รายการใกล้เคียง
    หัวเรื่อง [Medical History Taking-methods]
    หัวเรื่อง [Professional-Patient Relations]

BibComment


ยังไม่เคยถูกคอมเมนท์

คอมเมนท์ทรัพยากรรายการนี้
  คอมเมนท์: Medical Student ..


 Copyright 2026. Bcnsprnw @Library